Sláva zelovocov sa nekončí
Predaj ovocia a zeleniny - upredňostňuje sa klasika. Preferencie spotrebiteľov. Celoročné fungovanie trhovísk. Nezáujem o balenú zeleninu? Faktory ovplyvňujúce kvalitu ovocia a zeleniny.
Uložené v:
| Hlavný autor: | |
|---|---|
| Médium: | Kapitola |
| Jazyk: | Slovak |
| Predmet: | |
| Tagy: |
Žiadne tagy, Buďte prvý, kto otaguje tento záznam!
|
MARC
| LEADER | 00000naa a2200000 4500 | ||
|---|---|---|---|
| 001 | r045901 | ||
| 005 | 20231004094205.0 | ||
| 041 | 0 | |a slo | |
| 044 | |a SK | ||
| 245 | 1 | 0 | |a Sláva zelovocov sa nekončí |c Daniel Košťál |
| 520 | |a Predaj ovocia a zeleniny - upredňostňuje sa klasika. Preferencie spotrebiteľov. Celoročné fungovanie trhovísk. Nezáujem o balenú zeleninu? Faktory ovplyvňujúce kvalitu ovocia a zeleniny. | ||
| 610 | 2 | 0 | |a predaj |
| 610 | 2 | 0 | |a trhoviská |
| 610 | 2 | 0 | |a ovocie |
| 610 | 2 | 0 | |a zelenina |
| 610 | 2 | 0 | |a prieskum spotrebiteľský |
| 610 | 2 | 0 | |a kvalita tovaru |
| 100 | 1 | |a Košťál, Daniel | |